| 000 | 00454nam a22001337a 4500 | ||
|---|---|---|---|
| 020 | _a978-969-652-090-0 | ||
| 040 | _cNUST | ||
| 082 | _a891.4393,BUT | ||
| 245 |
_aMard e Aahan: _bRusi sadar putin ki khaiz sawaneh / مرد آہن روسی صدر کی سنسنی خیز سوانخ (Urdu) / _cTranslator Dr. Najam Us Sahar Butt |
||
| 260 |
_aLahore _bJumhoori Pub _c2017 |
||
| 300 | _a205 p.; | ||
| 650 | _aUrdu Literature | ||
| 942 |
_2ddc _cBK _k891.4393,BUT |
||
| 999 |
_c593749 _d593749 |
||